Nông nghiệp Việt Nam trong phát triển bền vững

Shranjeno v:
Bibliografske podrobnosti
Glavni avtor: Nguyễn, Từ
Format: Knjiga
Jezik:Undetermined
Izdano: Hà Nội Chính trị Quốc gia 2004
Teme:
Oznake: Označite
Brez oznak, prvi označite!
Thư viện lưu trữ: Trung tâm Học liệu Trường Đại học Cần Thơ
LEADER 00547nam a2200193Ia 4500
001 CTU_94482
008 210402s9999 xx 000 0 und d
020 |c 16500 
082 |a 630 
082 |b T550 
100 |a Nguyễn, Từ 
245 0 |a Nông nghiệp Việt Nam trong phát triển bền vững 
245 0 |c Nguyễn Từ 
260 |a Hà Nội 
260 |b Chính trị Quốc gia 
260 |c 2004 
650 |a Agriculture 
904 |i Trúc 
980 |a Trung tâm Học liệu Trường Đại học Cần Thơ